Securing Emerging Wireless Systems (E-BOOK) (Record no. 213179)

000 -LEADER
fixed length control field 00678 a2200193 4500
003 - CONTROL NUMBER IDENTIFIER
control field Nust
005 - DATE AND TIME OF LATEST TRANSACTION
control field 20170207165829.0
020 ## - INTERNATIONAL STANDARD BOOK NUMBER
International Standard Book Number 9780387884912
040 ## - CATALOGING SOURCE
Transcribing agency Nust
082 ## - DEWEY DECIMAL CLASSIFICATION NUMBER
Classification number 621.38225
100 ## - MAIN ENTRY--PERSONAL NAME
Personal name Yingying Chen
110 2# - MAIN ENTRY--CORPORATE NAME
Corporate name or jurisdiction name as entry element Zhang.
245 10 - TITLE STATEMENT
Title Securing Emerging Wireless Systems (E-BOOK)
Remainder of title Lower-layer Approaches /
Statement of responsibility, etc. .
260 ## - PUBLICATION, DISTRIBUTION, ETC.
Place of publication, distribution, etc. Boston, MA :
Name of publisher, distributor, etc. Springer-Verlag US,
Date of publication, distribution, etc. 2009.
300 ## - PHYSICAL DESCRIPTION
Other physical details v.: digital
505 ## - FORMATTED CONTENTS NOTE
Formatted contents note Introduction (Page-1) Part-I Secure Localization (Page-9) Part- II Defending Against Wireless Spoofing Attacks (Page-121) Part-III Defending Against Radio Interference (Page-173)
650 #0 - SUBJECT ADDED ENTRY--TOPICAL TERM
Topical term or geographic name entry element Telecommunications engineering - (E-BOOK)
651 ## - SUBJECT ADDED ENTRY--GEOGRAPHIC NAME
Geographic name E-Book
942 ## - ADDED ENTRY ELEMENTS (KOHA)
Source of classification or shelving scheme
Koha item type Book
Holdings
Withdrawn status Lost status Source of classification or shelving scheme Damaged status Not for loan Collection code Permanent Location Current Location Date acquired Total Checkouts Full call number Barcode Date last seen Price effective from Koha item type
            Military College of Signals (MCS) Military College of Signals (MCS) 12/12/2016   621.38225 CHE MCSEB-3222 12/08/2016 12/12/2016 Book
© 2023 Central Library, National University of Sciences and Technology. All Rights Reserved.